Statistics for Ukrainian Oblasts by Picture

Click here to take the quiz!

General Stats

  • This quiz has been taken 22 times
  • The average score is 20 of 26

Answer Stats

Answer% Correct
Kyiv
100%
Kyiv
100%
Lviv
100%
Donetsk
93%
Kharkiv
93%
Luhansk
93%
Chernihiv
86%
Dnipropetrovsk
86%
Rivne
86%
Sumy
86%
Cherkasy
79%
Crimea
79%
Kherson
79%
Odessa
79%
Poltava
79%
Volyn
79%
Zhytomyr
79%
Chernivtsi
71%
Khmelnytsky
71%
Vinnytsia
71%
Zaporizhia
71%
Ivano-Frankivsk
64%
Mykolaiv
64%
Ternopil
64%
Kirovohrad
43%
Zakarpattla
7%

Score Distribution

Percentile by Number Answered

Percent of People with Each Score

Your Score History

You have not taken this quiz